| 000 | 00000nam 2200000za 4500 |
| 001 | 9.582453 |
| 003 | CaOODSP |
| 005 | 20210624192047 |
| 007 | cr ||||||||||| |
| 008 | 150406s2005 xxc|||||o f|0| 0 eng d |
| 020 | |a0-662-68897-X |
| 040 | |aCaOODSP|beng |
| 041 | |aeng |
| 041 | |afre |
| 043 | |an-cn--- |
| 086 | 1 |aS52-2/259-2005-PDF |
| 110 | 1 |aCanada. |bPublic Works and Government Services Canada. |bTranslation Bureau. |
| 245 | 10|aLaw of trusts glossary (Common Law) |h[electronic resource] / |cco-published by Promoting Access to Justice in Both Official Languages (PAJLO), Department of Justice Canada. |
| 260 | |aOttawa : |bPublic Works and Government Services Canada, |c2005. |
| 300 | |a95 p. |
| 490 | 1 |aTerminology bulletin|vNo. 259 |
| 500 | |aSold by author-department in PDF on CD-ROM (Catalogue number: S52-2/246-2000-MRC, ISBN: 0-660-61434-0). |
| 500 | |aRecord listed in Checklist 2006 no. 10. "...includes 189 entries. Unlike the earlier vocabularies and the dictionary of standardized terms published by PAJLO, it does not provide a conceptual analysis for most of the English terms; it simply provides the standardized equivalent French term."--Introd. |
| 504 | |aBibliography. |
| 690 | 07|aFree trade|2gcpds |
| 690 | 07|aTerminology|2gcpds |
| 792 | |tLexique du droit des fiducies (common law) |efre|w(CaOODSP)9.582454 |
| 830 | #0|aTerminology bulletin ;|vNo. 259|w(CaOODSP)9.500139 |
| 856 | 40|ahttp://publications.gc.ca|qPDF|s233 KB|uhttps://publications.gc.ca/collections/Collection/S52-2-259-2005.pdf|yNo. 259 |